| 000 | 00679nam a2200217 a 4500 | ||
|---|---|---|---|
| 001 | 16173 | ||
| 003 | CO-ViMGA | ||
| 008 | 141112s2004 ck r 000 u spa d | ||
| 020 | _a8433908634 | ||
| 040 |
_aCO-ViMGA _bspa _cCO-ViMGA |
||
| 082 | 0 | 4 | _a833.91 E593e (NO DISPONIBLE) |
| 100 | 1 |
_aEnzensberger, Hans Magnus _923124 |
|
| 245 | 1 | 0 | _aEl corto verano de la Anarquía |
| 260 |
_aBarcelona (España) : _bAnagrama, _c1998 |
||
| 300 | _a276.p. | ||
| 590 | _aForma de adquisición : Premio - Mincultura | ||
| 650 | 1 | 4 |
_aANARQUISMO - ESPAÑA - NOVELA _923125 |
| 650 | 1 | 4 |
_aESPAÑA - GUERRA CIVIL - 1936 - 1939 - NOVELA _923126 |
| 650 | 1 | 4 |
_aNOVELA ALEMANA _92669 |
| 942 |
_2ddc _cBK |
||
| 999 |
_c26094 _d26094 |
||